000 00345 a2200169 4500
001 188768
020 _a85-7568-011-0
040 _cMagnum
100 _aRocha, Ruth
240 1 0 _aPra que serve?
_lpor
245 1 0 _aPra que serve?
300 _a64
362 0 _a2003
440 1 _aSalamandra
697 _aLITERATURA JUVENIL
942 _cBK
999 _c188768
_d188768